Statistiques concernant De quelle nationalité sont ces acteurs ? Carte Quiz

Cliquez ici pour prendre le quiz!

Statistiques générales

  • Ce quiz a été pris 189 fois
  • Le résultat moyen est 11 sur 20

Réponses sur la Carte

Les réponses sont colorées sur une échelle allant du rouge au vert en fonction du pourcentage des utilisateurs qui les ont devinées à leur premier essai. Vous pouvez retrouver ces pourcentages ci-dessous.
 

Statistiques - réponses

Réponse% Correct
Antonio Banderas
80%
Virginie Efira
77%
Arnold Schwarzenegger
72%
Koji Yakusho
71%
Mads Mikkelsen
69%
Kad Merad
65%
Diane Kruger
61%
Salma Hayek
60%
Charlize Theron
55%
Isaach de Bankolé
53%
Jim Carrey
53%
Leonardo DiCaprio
53%
Margot Robbie
52%
Sean Connery
52%
Natalie Portman
50%
Michelle Yeoh
48%
Colin Farrell
47%
Russell Crowe
47%
Frédéric Chau
39%
Djimon Hounsou
37%

Distribution des résultats

Percentile par nombre de réponses

% des personnes avec chaque résultat

Votre développement - résultats

Vous n’avez pas pris ce quiz